Balance económico

Сохранить в:
Библиографические подробности
Формат: Текст
Предметы:
Метки: Добавить метку
Нет меток, Требуется 1-ая метка записи!

MARC

LEADER 00000 a a2200000 04500
001 6318
003
040
245 |a Balance económico  
650 |a ECONOMIA  
650 |a POLITICA ECONOMICA  
650 |a ESTADISTICA  
650 |a PRODUCCION  
650 |a BANCOS  
650 |a PRODUCCION  
650 |a PRECIOS  
650 |a SALARIOS  
650 |a FINANZAS PUBLICAS  
650 |a SECTOR PUBLICO  
650 |a PRIVATIZACION  
650 |a SERVICIOS PUBLICOS  
650 |a INFLACION  
650 |a LEGISLACION  
773 |g volumen 20, número 884; páginas 13-19  
999 |c 24394  |d 24394